000 00964nam0a22002531 4500
001 rc\2577981
005 20260406125106.0
035 _a(NLR Aleph) 006742568
090 _a5660042
_c5660042
100 _a20110914d1928 |||y0rusy50 ca
101 0 _arus
102 _aRU
105 _aa z |||a|
200 1 _aМавруша-новоторка
_eРассказ
_eС рис.
_fМ. Е. Салтыков-Щедрин
210 _aМосква
_aЛенинград
_cГос. изд-во
_d1928
_eЛенинград
_gтип. Печатный двор
215 _a22 с., [2] с. объявл.
_cил.
_d20х14 см.
300 _aОбложка и иллюстрации: В. Арт
700 1 _4070
_8rus
_7ca
_aДмитриев
_f1957-
_bЮ. А.
_gЮрий Альбертович
_cд-р юрид. наук
_3RU\NLR\AUTH\771331
_9111358
801 0 _aRU
_bNLR
_gpsbo
801 1 _aRU
_bELAR
_2rusmarc
852 _aNLR
_j61/1820
942 _cBOOK
980 _aNB